Potentialités des jardins botaniques villageois dans la conservation des plantes utilisées en médecine traditionnelle vétérinaire dans les communes de Pehunco et Sinendé au Nord du Bénin (Record no. 52336)

MARC details
000 -LEADER
fixed length control field 00616nam a22001457a 4500
003 - CONTROL NUMBER IDENTIFIER
control field 0
005 - DATE AND TIME OF LATEST TRANSACTION
control field 20160609172155.0
008 - FIXED-LENGTH DATA ELEMENTS--GENERAL INFORMATION
fixed length control field 130812t xxu||||| |||| 00| 0 eng d
040 ## - SOURCE DU CATALOGAGE
Original cataloging agency BUAC
Language of cataloging Fr
Transcribing agency BEPAC
100 ## - VEDETTE PRINCIPALE - NOM DE PERSONNE
Personal name AHOUANGBENON, Houéfa Mardyle Fresnelle
9 (RLIN) 26063
245 ## - TITLE STATEMENT
Title Potentialités des jardins botaniques villageois dans la conservation des plantes utilisées en médecine traditionnelle vétérinaire dans les communes de Pehunco et Sinendé au Nord du Bénin
Statement of responsibility, etc AHOUANGBENON, Houéfa Mardyle Fresnelle
260 ## - PUBLICATION, DISTRIBUTION, ETC. (IMPRINT)
Place of publication, distribution, etc Abomey-Calavi
Name of publisher, distributor, etc Ecole Polytechnique d’Abomey-Calavi
Date of publication, distribution, etc 2007
300 ## - PHYSICAL DESCRIPTION
Extent 57p.
942 ## - ADDED ENTRY ELEMENTS (KOHA)
Koha item type Thèse et Memoire
Holdings
Withdrawn status Lost status Damaged status Not for loan Location (home branch) Sublocation or collection (holding branch) Date acquired Source of acquisition Koha issues (times borrowed) Koha full call number Piece designation (barcode) Koha date last seen Copy number Price effective from Koha item type
        Bibliothèque Ecole Polytechnique d'Abomey-Calavi Bibliothèque Ecole Polytechnique d'Abomey-Calavi 12/08/2013 EPAC   27.APE/AHO M19313EPAC 12/08/2013 1 12/08/2013 Thèse et Memoire


© 2008, Bibliothèques de l'Université d'Abomey-Calavi

04 BP 789 Cotonou, Tél. : +229 21 36 01 01, Fax : +229 21 35 06 32

Courriel : bu@bu.uac.bj